<?xml version="1.0" encoding="UTF-8"?>
<collection xmlns:xsi="http://www.w3.org/2001/XMLSchema-instance" xsi:schemaLocation="http://www.loc.gov/MARC21/slim http://www.loc.gov/standards/marcxml/schema/MARC21slim.xsd" xmlns="http://www.loc.gov/MARC21/slim">
 <record>
  <leader>00000cab a22000004cb4500</leader>
  <controlfield tag="001">IPP-00000661091</controlfield>
  <controlfield tag="003">IPP</controlfield>
  <controlfield tag="005">20250208151414.0</controlfield>
  <controlfield tag="008">250208s2011    xx     d | ||r |||||   ||</controlfield>
  <datafield tag="245" ind1="1" ind2="0">
   <subfield code="a">Republic act no. 8203</subfield>
   <subfield code="b">a act prohibiting counterfeit drugs, providing penalties for violations and appropriating funds therefor</subfield>
  </datafield>
  <datafield tag="264" ind1="#" ind2="1">
   <subfield code="c">2011</subfield>
  </datafield>
  <datafield tag="650" ind1="1" ind2="0">
   <subfield code="a">Drug abuse and crime</subfield>
   <subfield code="x">Drug counterfeiting</subfield>
  </datafield>
  <datafield tag="650" ind1="2" ind2="0">
   <subfield code="a">Drug laws and regulations</subfield>
  </datafield>
  <datafield tag="773" ind1="0" ind2="#">
   <subfield code="t">Philippine Judicial Academy (PHILJA)</subfield>
   <subfield code="g">Vol. 13, no. 35 (Jan. 2011 - Jun. 2011), 346-355</subfield>
  </datafield>
  <datafield tag="852" ind1="#" ind2="#">
   <subfield code="a">UPD</subfield>
   <subfield code="b">DLAW</subfield>
  </datafield>
  <datafield tag="942" ind1="#" ind2="#">
   <subfield code="a">Article</subfield>
  </datafield>
  <datafield tag="950" ind1="#" ind2="#">
   <subfield code="a">FI</subfield>
  </datafield>
 </record>
</collection>
